Kinh Thi

Đã lưu trong:
书目详细资料
主要作者: Kinh Thi
格式: 图书
语言:Undetermined
出版: Tp. HCM Nxb. Tp. HCM 1995
主题:
标签: 添加标签
没有标签, 成为第一个标记此记录!
Thư viện lưu trữ: Trung tâm Học liệu Trường Đại học Cần Thơ
LEADER 00500nam a2200181Ia 4500
001 CTU_8274
008 210402s9999 xx 000 0 und d
082 |a 895.11 
082 |b T105 
100 |a Kinh Thi 
245 0 |a Kinh Thi 
245 0 |c Kinh Thi, Tản Đà Nguyễn Khắc Hiếu 
260 |a Tp. HCM 
260 |b Nxb. Tp. HCM 
260 |c 1995 
650 |a chinese poetry 
904 |i Nguyễn Quang Điền, 960912 
980 |a Trung tâm Học liệu Trường Đại học Cần Thơ